• 首页
  • 本馆介绍
  • 公告通知
  • 最新文献
  • 馆藏检索
  • 电子资源
  • 读者导购
  • 参考咨询
  • 我的图书馆
  • 登录
  • 详细信息显示
  • 放入我的书架
  • 预约/预借图书
  • 作者相关作品
  • 分类相关作品
  • 丛书相关作品
  • 出版社相关作品

书目信息

  • 表格格式
  • 工作单格式
  • 卡片格式
题名:
苏联当代哲学
    
 
作者: 贾泽林 编
分册:  
出版信息: 北京   人民出版社  1986
页数: 535页
开本: 20cm
丛书名:
单 册:
中图分类: B512.5
科图分类:
主题词: 哲学--苏联--现代
电子资源:
ISBN:
000 00618nam0 2200229 45
001 0186002688
005 20050527085018.8
010    @dCNY2.85
100    @a19951012d1986 em y0chiy0121 ea
101 0  @achi
102    @aCN@b110000
105    @ay z 000yy
200 10 @a苏联当代哲学@Asu lian dang dai zhe xue@e1945~1982@f贾泽林编@FJia Ze Lin Bian
210    @a北京@c人民出版社@d1986
215    @a535页@d20cm
517    @a1945~1982
606    @a哲学@y苏联@z现代
690    @aB512.5@v3
701  0 @a贾泽林@4编
801  0 @aCN@b深圳图书馆@c20040426
801  2 @aCN@bNLC@c20040426
905    @dB512.5@e9@f1@b156575
    
    苏联当代哲学:1945~1982/贾泽林编.-北京:人民出版社,1986
    535页;20cm
    
    
    ISBN :CNY2.85
    
●
相关链接 在E读中查询图书 在五车中查询图书 在当当中查询图书 在豆瓣中查询图书


正题名:苏联当代哲学     索取号:B512.5/9         预约/预借

序号 登录号 条形码 馆藏地/架位号 状态 备注
1 0156574   000518210   第一借阅区/ [索取号:B512.5/9] 在馆    
2 0156575   000518256   第一样本阅览室/ [索取号:B512.5/9] 在馆    
唐山师范学院图书馆 欢迎您!
大连网信软件有限公司© 版权所有